000 00957nas a2200313 4500
001 BR8205879
003 BR-BrBNA
005 20231205085314.0
007 ta
008 230509b bl.|||p| |||| 00| 00por d
040 _aBR-BrBNA
_bpor
_cBiblioteca Nacional de Agricultura
041 _a(Pt)
072 _aF26; F28
100 1 _aKitamura, P.C.
100 1 _aLanzer, E.A.
100 1 _aAdams, R.I.
245 1 _aAvaliacao economica de sistemas conservacionistas no uso dos solos agricolas. O caso do binomio trigo-soja no Rio Grande do Sul [Brasil]
650 _aEROSAO DO SOLO
650 _aSOLO
650 _aMANEJO
650 _aAPTIDAO AGRICOLA
650 _aANALISE ECONOMICA
650 _aTRIGO
650 _aSOJA
650 _aRIO GRANDE DO SUL
773 0 _tRevista de Economia Rural (Brazil)
_xISSN 0100-4905
_g(Jan-Mar 1982), v. 20(1) p. 104-124
_wBR8205879
909 _a202311
_bLúcia
_c55
_dLúcia Elande
942 _2AGRIS
_n0
_cANA
999 _c110617
_d110617